Cooperativismo; metodologías educativas en América Central
Recoge las experiencias en capacitación derivadas de un programa de transformación agraria en El Salvador - Muestra los aspectos más relevantes del programa de capacitación aplicado, abarcado por ejemplo, las consideraciones teóricas, los sujetos y áreas de capacitación y los diferentes tipo de educ...
Saved in:
| Format: | Text |
|---|---|
| Published: |
San Salvador:
FUPAC
|
| Tags: |
Add Tag
No Tags, Be the first to tag this record!
|
MARC
| LEADER | 00000 a a2200000 04500 | ||
|---|---|---|---|
| 001 | 20549 | ||
| 003 | |||
| 040 | |||
| 090 | |a 086403 | ||
| 245 | |a Cooperativismo; metodologías educativas en América Central | ||
| 260 | |a San Salvador: |b FUPAC | ||
| 300 | |a 176 p. | ||
| 520 | |a Recoge las experiencias en capacitación derivadas de un programa de transformación agraria en El Salvador - Muestra los aspectos más relevantes del programa de capacitación aplicado, abarcado por ejemplo, las consideraciones teóricas, los sujetos y áreas de capacitación y los diferentes tipo de educación empleados. Afirma que dentro de los efectos definitivos que se obtienen de la aplicación del modelo esta el de que este ha sido más viable en campesinos asalariados que en pequeños propietarios los cuales se han opuesto a actividades de capacitación y organización asociativa | ||
| 999 | |c 11638 |d 11638 | ||
